| 000 | 00678nas a22002057a 4500 | ||
|---|---|---|---|
| 003 | NALT | ||
| 005 | 20211027093221.0 | ||
| 008 | 180405b th ||||| |||| 00| 0 tha d | ||
| 022 | _a01253964 | ||
| 040 | _aNALT | ||
| 041 | _atha | ||
| 245 | _aวารสารกำนันผู้ใหญ่บ้าน | ||
| 246 | _aกำนันผู้ใหญ่บ้าน | ||
| 310 | _aรายเดือน | ||
| 850 | _aNALT | ||
| 866 | _aปีที่ 72 ฉบับที่ 1-12 (ม.ค.-ธ.ค. 2562), ปีที่ 73 ฉบับที่ 1-8 (ม.ค.-ส.ค. 2563) | ||
| 942 |
_cJNR _s1 _2lcc |
||
| 998 |
_ajintana _j755 _k จินตนา เอี่ยมคง |
||
| 999 |
_c94630 _d94630 |
||